Thi công móng trụ mố cầu

Xây dựng móng nông trên cạn, móng nông ở nơi có nước mặt. Thi công cọc chế tạo sẵn. Thi công cọc bê tông cốt thép đúc tại chỗ (cọc nhồi). Xây dựng bệ cọc. Xây dựng móng giếng chìm và giếng chìm khí ép...

全面介绍

Đã lưu trong:
书目详细资料
格式: 图书
语言:Undetermined
出版: Hà Nội Xây Dựng 1999
主题:
标签: 添加标签
没有标签, 成为第一个标记此记录!
Thư viện lưu trữ: Trung tâm Học liệu Trường Đại học Cần Thơ
LEADER 00900nam a2200205Ia 4500
001 CTU_37184
008 210402s9999 xx 000 0 und d
020 |b 32.000đ 
082 |a 624.25 
082 |b Th300/1999 
245 0 |a Thi công móng trụ mố cầu 
245 0 |c Nguyễn Trâm ...[et al.] 
260 |a Hà Nội 
260 |b Xây Dựng 
260 |c 1999 
520 |a Xây dựng móng nông trên cạn, móng nông ở nơi có nước mặt. Thi công cọc chế tạo sẵn. Thi công cọc bê tông cốt thép đúc tại chỗ (cọc nhồi). Xây dựng bệ cọc. Xây dựng móng giếng chìm và giếng chìm khí ép 
650 |a Bridges,Civil engineering,Concrete construction 
650 |x Design and construction 
904 |i Minh 
980 |a Trung tâm Học liệu Trường Đại học Cần Thơ